ACM Transactions on Mathematical Software

Gespeichert in:
Bibliographische Detailangaben
Format: Schriftenreihe
Veröffentlicht: 1975
Tags: Tag hinzufügen
Keine Tags, Fügen Sie das erste Tag hinzu!

MARC

LEADER 00000nas a22000003a 4500
001 stu64065
005 20141122005659.6
008 011106s1975----------------------------d
040 |a STU  |b slo 
041 0
245 |a ACM Transactions on Mathematical Software 
260 |c 1975 
500 |a 2 /CH: 1,3,4 
500 |a 4 
773 0 |t ACM Transactions on Mathematical Software  |w stu_us_cat*stu59354  |x 0098-3500  |7 nnas 
996 |d Vol. 1, 1975  |v Vol. 1  |y 1975  |l II680  |s A  |a 24  |w stu64065_0001